| 000 | 00964cam a22002411 4500 | ||
|---|---|---|---|
| 001 | ne 64003565 | ||
| 003 | DLC | ||
| 005 | 20260227111809.0 | ||
| 008 | 890824m19641969ua 000 0 arar | ||
| 010 | _ane 64003565 | ||
| 035 | _a(OCoLC)20243639 | ||
| 040 |
_aDLC _cCU _dCU _dDLC |
||
| 042 | _apremarc | ||
| 050 | 0 | 0 | _aLAW <Islam 7 Jazi 1964-> |
| 100 | 1 | _aJazīrī, ʻAbd al-Raḥmān. | |
| 245 | 1 | 0 |
_aKitāb al-fiqh ʻalá al-madhāhib al-arbaʻah, _ctaʼlīf ʻAbd al-Raḥmān al-Jazīrī. |
| 260 |
_aal-Qāhirah, _bal-Maktabah al-Tijārīyah al-Kubrá, _c[1964-1969] |
||
| 300 |
_a4 v. _c28 cm. |
||
| 500 | _aThis set is made up of various editions. | ||
| 500 | _aA revised ed. of kitāb al-fiqh ʻalá al-madhāhib al-arbaʻah, vol. 1 of which was originally issued by the ministry of waqfs in 1928. | ||
| 505 | 0 | _aJuzʼ 1. qism al-ʻibādāt -- juzʼ 2,3. qism al-muʻāmalāt -- juzʼ 4. qism al-aḥwāl al-shakhṣīyah. | |
| 650 | 0 | _aIslamic law. | |
| 999 |
_c47776 _d47776 |
||